| Tag |
First Indicator |
Second Indicator |
Subfields |
| LEADER |
00000pam a2200000 i 4500 |
| 001 |
in00000482321 |
| 005 |
20151013053603.0 |
| 008 |
750312s1975 nyua d 00010 eng |
| 010 |
|
|
|a 75008650
|
| 020 |
|
|
|a 0803737637 :
|c $25.00
|
| 035 |
|
|
|a (OCoLC)01257067
|
| 035 |
|
|
|9 ACB9803AM
|
| 040 |
|
|
|a DLC
|c DLC
|d TXA
|d UtOrBLW
|
| 049 |
|
|
|a TXAF
|c [1154084]
|
| 050 |
0 |
0 |
|a SF278
|b .S78 1975
|
| 082 |
0 |
|
|a 798/.03
|
| 100 |
1 |
|
|a Stratton, Charles.
|
| 245 |
1 |
4 |
|a The international horseman's dictionary /
|c Charles Stratton.
|
| 264 |
|
1 |
|a New York :
|b Dial Press,
|c 1975.
|
| 300 |
|
|
|a 256 pages :
|b illustrations ;
|c 31 cm.
|
| 336 |
|
|
|a text
|b txt
|2 rdacontent
|
| 337 |
|
|
|a unmediated
|b n
|2 rdamedia
|
| 338 |
|
|
|a volume
|b nc
|2 rdacarrier
|
| 650 |
|
0 |
|a Horses
|v Dictionaries.
|
| 650 |
|
0 |
|a Horsemanship
|v Dictionaries.
|
| 999 |
|
|
|a MARS
|
| 999 |
f |
f |
|s bf96eb39-1c29-368c-a9d3-7c757101e932
|i a04c93c7-b5d5-3351-9414-d616194ed79e
|t 0
|
| 952 |
f |
f |
|p ric
|a Texas A&M University
|b Rellis Campus
|c Joint Library Facility
|d Remote Storage
|t 0
|e SF278 .S78 1975
|h Library of Congress classification
|i unmediated -- volume
|m A14805898756
|
| 998 |
f |
f |
|a SF278 .S78 1975
|t 0
|l Remote Storage
|